000 01194cam a22003737i 4500
999 _c522670
_d522670
001 17494151
003 NUST
005 20181228130809.0
007 ta
008 120629s2012 ii 000 f eng d
010 _a 2012337940
020 _a9788172239428 (pbk.)
025 _aI-E-2012-337940; 26-91
035 _a(OCoLC)ocn800706053
035 _a(OCoLC)800706053
037 _aLibrary of Congress -- New Delhi Overseas Office
038 _aArshad
040 _aDKAGE
_beng
_cDKAGE
_dDLC
_erda
042 _alccopycat
_alcode
050 0 0 _aMLCS 2012/01413 (P)
_aPR9499.4.S8363
082 0 4 _a823
_bSUB
100 1 _aSubramanian, Nirupama
_c(Freelance consultant)
_912793
245 1 0 _aKeep the change /
_cNirupama Subramanian.
264 1 _aNew Delhi :
_bHarperCollins Publishers India, a joint venture with the India Today Group,
_c2012.
300 _a356 pages ;
_c20 cm
336 _atext
_2rdacontent
337 _aunmediated
_2rdamedia
338 _avolume
_2rdacarrier
500 _aNovel.
655 0 _aIndic fiction (English)
_912794
906 _a7
_bcbc
_ccopycat
_d4
_encip
_f20
_gy-gencatlg
942 _2ddc
_cBK